[Event "65+ World Senior Team Championship"]
[Site "chess24.com"]
[Date "2017.04.25"]
[Round "2"]
[White "Svensson, Soren"]
[Black "Haubt, Georg"]
[Result "1/2-1/2"]
[Board "4"]
[WhiteElo "1992"]
[WhiteCountry "SWE"]
[WhiteFideId "1714937"]
[WhiteEloChange "5"]
[BlackElo "2179"]
[BlackTitle "FM"]
[BlackCountry "GER"]
[BlackFideId "4604016"]
[BlackEloChange "-5"]

1. d4 {[%clk 1:30:51]} d5 {[%clk 1:30:06]} 2. c4 {[%clk 1:30:57]} Nc6 {[%clk
1:30:26]} 3. Nc3 {[%clk 1:30:51]} Nf6 {[%clk 1:30:34]} 4. cxd5 {[%clk 1:28:37]}
Nxd5 {[%clk 1:30:54]} 5. Nxd5 {[%clk 1:17:59]} Qxd5 {[%clk 1:31:10]} 6. e3 {[%clk
1:17:45]} e5 {[%clk 1:29:55]} 7. dxe5 {[%clk 1:10:48]} Qxd1+ {[%clk 1:22:21]} 8.
Kxd1 {[%clk 1:11:08]} Bf5 {[%clk 1:22:43]} 9. Bd2 {[%clk 0:58:38]} O-O-O {[%clk
1:20:47]} 10. Nf3 {[%clk 0:55:14]} Bb4 {[%clk 1:13:46]} 11. a3 {[%clk 0:51:31]}
Bxd2 {[%clk 1:11:20]} 12. Nxd2 {[%clk 0:51:52]} Na5 {[%clk 0:58:53]} 13. Ke1
{[%clk 0:40:56]} Rxd2 {[%clk 0:55:59]} 14. Kxd2 {[%clk 0:41:15]} Nb3+ {[%clk
0:56:26]} 15. Kc3 {[%clk 0:41:05]} Nxa1 {[%clk 0:56:47]} 16. Bc4 {[%clk 0:40:42]}
Nc2 {[%clk 0:55:23]} 17. Bd3 {[%clk 0:38:18]} Nxe3 {[%clk 0:43:35]} 18. fxe3
{[%clk 0:38:25]} Bxd3 {[%clk 0:44:04]} 19. Kxd3 {[%clk 0:38:37]} Rd8+ {[%clk
0:42:23]} 20. Ke2 {[%clk 0:34:51]} Kd7 {[%clk 0:39:06]} 21. Rc1 {[%clk 0:33:01]}
Re8 {[%clk 0:35:17]} 22. Rc5 {[%clk 0:29:14]} Re6 {[%clk 0:27:15]} 23. Kf3 {[%clk
0:24:43]} Rc6 {[%clk 0:26:03]} 24. Rxc6 {[%clk 0:17:22]} Kxc6 {[%clk 0:26:29]}
25. Ke4 {[%clk 0:17:40]} a5 {[%clk 0:21:51]} 26. Kd4 {[%clk 0:15:06]} h6 {[%clk
0:14:15]} 27. g4 {[%clk 0:13:52]} b6 {[%clk 0:14:01]} 28. h4 {[%clk 0:12:15]} Kd7
{[%clk 0:13:57]} 29. Kd5 {[%clk 0:07:06]} c6+ {[%clk 0:14:14]} 30. Kd4 {[%clk
0:04:08]} Ke6 {[%clk 0:14:22]} 31. a4 {[%clk 0:03:14]} g6 {[%clk 0:12:26]} 32. b3
{[%clk 0:02:44]} h5 {[%clk 0:11:33]} 33. gxh5 {[%clk 0:02:42]} gxh5 {[%clk
0:12:02]} 34. Ke4 {[%clk 0:03:00]} b5 {[%clk 0:02:19]} 35. Kd4 {[%clk 0:02:16]}
bxa4 {[%clk 0:02:41]} 36. bxa4 {[%clk 0:02:41]} Kf5 {[%clk 0:02:56]} 37. Kc5
{[%clk 0:02:01]} Kg4 {[%clk 0:03:01]} 38. Kd6 {[%clk 0:01:38]} Kxh4 {[%clk
0:02:03]} 39. Ke7 {[%clk 0:02:02]} Kg3 {[%clk 0:02:16]} 40. Kxf7 {[%clk 0:32:25]}
h4 {[%clk 0:32:40]} 41. e6 {[%clk 0:32:39]} h3 {[%clk 0:33:03]} 42. e7 {[%clk
0:33:02]} h2 {[%clk 0:33:30]} 43. e8Q {[%clk 0:33:14]} h1Q {[%clk 0:33:58]} 44.
Qe5+ {[%clk 0:27:10]} 1/2-1/2

[Event "65+ World Senior Team Championship"]
[Site "chess24.com"]
[Date "2017.04.25"]
[Round "2"]
[White "Stebbings, Anthony J"]
[Black "Vaisser, Anatoly"]
[Result "1/2-1/2"]
[Board "1"]
[WhiteElo "2294"]
[WhiteTitle "FM"]
[WhiteCountry "ENG"]
[WhiteFideId "402427"]
[WhiteEloChange "5"]
[BlackElo "2506"]
[BlackTitle "GM"]
[BlackCountry "FRA"]
[BlackFideId "603252"]
[BlackEloChange "-3"]

1. e4 {[%clk 1:30:57]} c5 {[%clk 1:30:48]} 2. Nf3 {[%clk 1:31:22]} Nc6 {[%clk
1:31:11]} 3. d4 {[%clk 1:31:46]} cxd4 {[%clk 1:31:38]} 4. Nxd4 {[%clk 1:32:12]}
Nf6 {[%clk 1:31:34]} 5. Nc3 {[%clk 1:32:35]} e5 {[%clk 1:31:50]} 6. Ndb5 {[%clk
1:32:56]} d6 {[%clk 1:32:09]} 7. Bg5 {[%clk 1:33:17]} a6 {[%clk 1:32:19]} 8. Na3
{[%clk 1:33:41]} Be6 {[%clk 1:32:24]} 9. Nc4 {[%clk 1:32:14]} Rb8 {[%clk
1:31:53]} 10. Ne3 {[%clk 1:27:50]} Be7 {[%clk 1:28:42]} 11. Bxf6 {[%clk 1:25:26]}
Bxf6 {[%clk 1:25:56]} 12. Ncd5 {[%clk 1:24:20]} Bg5 {[%clk 1:23:50]} 13. c3
{[%clk 1:22:46]} Bxe3 {[%clk 1:19:19]} 14. Nxe3 {[%clk 1:22:53]} O-O {[%clk
1:17:18]} 15. Bc4 {[%clk 1:21:42]} b5 {[%clk 1:08:16]} 16. Bd5 {[%clk 1:20:21]}
Ne7 {[%clk 1:07:09]} 17. Bb3 {[%clk 1:19:42]} Qd7 {[%clk 0:59:59]} 18. O-O {[%clk
1:19:18]} Rfd8 {[%clk 0:55:32]} 19. Qd3 {[%clk 1:13:06]} Qb7 {[%clk 0:41:07]} 20.
Rfd1 {[%clk 1:12:12]} Rd7 {[%clk 0:38:15]} 21. Rd2 {[%clk 1:03:10]} Rbd8 {[%clk
0:32:56]} 22. Rad1 {[%clk 1:01:36]} Nc8 {[%clk 0:23:32]} 23. h3 {[%clk 0:55:27]}
Nb6 {[%clk 0:23:03]} 24. Nd5 {[%clk 0:48:36]} Bxd5 {[%clk 0:22:19]} 25. Bxd5
{[%clk 0:48:52]} Qc7 {[%clk 0:22:02]} 26. Rc2 {[%clk 0:40:18]} g6 {[%clk
0:20:35]} 27. g3 {[%clk 0:36:50]} Kg7 {[%clk 0:20:01]} 28. Kg2 {[%clk 0:37:10]}
Rf8 {[%clk 0:15:58]} 29. Bb3 {[%clk 0:31:06]} Qc5 {[%clk 0:15:47]} 30. Qe3 {[%clk
0:26:19]} Qxe3 {[%clk 0:15:22]} 31. fxe3 {[%clk 0:26:47]} Kf6 {[%clk 0:14:11]}
32. c4 {[%clk 0:16:54]} bxc4 {[%clk 0:10:40]} 33. Bxc4 {[%clk 0:17:20]} Nxc4
{[%clk 0:10:41]} 34. Rxc4 {[%clk 0:17:48]} Rb8 {[%clk 0:10:52]} 35. b3 {[%clk
0:17:44]} Rb6 {[%clk 0:09:55]} 36. Rc8 {[%clk 0:14:36]} Ke6 {[%clk 0:08:57]} 37.
Kf3 {[%clk 0:09:27]} f5 {[%clk 0:07:55]} 38. Rdc1 {[%clk 0:07:35]} fxe4+ {[%clk
0:07:40]} 39. Kxe4 {[%clk 0:08:03]} d5+ {[%clk 0:03:42]} 40. Kd3 {[%clk 0:38:17]}
Kd6 {[%clk 0:30:58]} 41. Rf1 {[%clk 0:34:08]} e4+ {[%clk 0:21:02]} 42. Kd4 {[%clk
0:27:11]} Rb4+ {[%clk 0:21:17]} 43. Kc3 {[%clk 0:27:36]} a5 {[%clk 0:18:21]} 44.
a3 {[%clk 0:24:05]} Rb5 {[%clk 0:12:43]} 45. Rff8 {[%clk 0:17:11]} Rdb7 {[%clk
0:10:51]} 46. Rcd8+ {[%clk 0:17:33]} Kc5 {[%clk 0:08:38]} 47. Rc8+ {[%clk
0:17:53]} Kd6 {[%clk 0:07:28]} 48. Rcd8+ {[%clk 0:18:15]} Kc5 {[%clk 0:07:22]}
49. Rc8+ {[%clk 0:18:37]} 1/2-1/2

[Event "65+ World Senior Team Championship"]
[Site "chess24.com"]
[Date "2017.04.25"]
[Round "2"]
[White "Seret, Jean-Luc"]
[Black "Stokes, Michael"]
[Result "1-0"]
[Board "2"]
[WhiteElo "2381"]
[WhiteTitle "IM"]
[WhiteCountry "FRA"]
[WhiteFideId "600210"]
[WhiteEloChange "6"]
[BlackElo "2223"]
[BlackCountry "ENG"]
[BlackFideId "442542"]
[BlackEloChange "-6"]

1. c4 {[%clk 1:30:30]} c5 {[%clk 1:30:30]} 2. Nc3 {[%clk 1:30:30]} Nc6 {[%clk
1:30:30]} 3. Nf3 {[%clk 1:30:30]} Nf6 {[%clk 1:30:30]} 4. g3 {[%clk 1:30:30]} d5
{[%clk 1:30:30]} 5. cxd5 {[%clk 1:30:30]} Nxd5 {[%clk 1:30:30]} 6. Bg2 {[%clk
1:30:30]} Nc7 {[%clk 1:30:30]} 7. O-O {[%clk 1:30:30]} e5 {[%clk 1:30:30]} 8. a3
{[%clk 1:30:30]} Be6 {[%clk 1:30:30]} 9. b4 {[%clk 1:30:30]} f6 {[%clk 1:30:30]}
10. bxc5 {[%clk 1:30:30]} Bxc5 {[%clk 1:30:30]} 11. Rb1 {[%clk 1:30:30]} Rb8
{[%clk 1:30:30]} 12. Qc2 {[%clk 1:30:30]} O-O {[%clk 1:30:30]} 13. Na4 {[%clk
1:30:30]} Be7 {[%clk 1:30:30]} 14. Nc5 {[%clk 1:30:30]} Bxc5 {[%clk 1:30:30]} 15.
Qxc5 {[%clk 1:30:30]} Qd7 {[%clk 1:30:30]} 16. d3 {[%clk 1:30:30]} Nd5 {[%clk
1:30:30]} 17. e4 {[%clk 1:30:30]} b6 {[%clk 1:30:30]} 18. Qc2 {[%clk 1:30:30]}
Nde7 {[%clk 1:30:30]} 19. Be3 {[%clk 1:30:30]} Rfd8 {[%clk 1:30:30]} 20. Rfd1
{[%clk 1:30:30]} Rbc8 {[%clk 1:30:30]} 21. Qb2 {[%clk 1:30:30]} Bg4 {[%clk
1:30:30]} 22. Rd2 {[%clk 1:30:30]} Nd4 {[%clk 1:30:30]} 23. Ne1 {[%clk 1:30:30]}
Nec6 {[%clk 1:30:30]} 24. Rc1 {[%clk 1:30:30]} Rc7 {[%clk 1:30:30]} 25. f3 {[%clk
1:30:30]} Be6 {[%clk 1:30:30]} 26. Rf2 {[%clk 1:30:30]} Rdc8 {[%clk 1:30:30]} 27.
f4 {[%clk 1:30:30]} Nb3 {[%clk 1:30:30]} 28. Rd1 {[%clk 1:30:30]} Ncd4 {[%clk
1:30:30]} 29. f5 {[%clk 1:30:30]} Bf7 {[%clk 1:30:30]} 30. g4 {[%clk 1:30:30]}
Kh8 {[%clk 1:30:30]} 31. Bf1 {[%clk 1:30:30]} Rd8 {[%clk 1:30:30]} 32. Rg2 {[%clk
1:30:30]} Nc5 {[%clk 1:30:30]} 33. Qf2 {[%clk 1:30:30]} Na4 {[%clk 1:30:30]} 34.
g5 {[%clk 1:30:30]} Bh5 {[%clk 1:30:30]} 35. Ra1 {[%clk 1:30:30]} Nc3 {[%clk
1:30:30]} 36. g6 {[%clk 1:30:30]} Nce2+ {[%clk 1:30:30]} 37. Kh1 {[%clk 1:30:30]}
Nf4 {[%clk 1:30:30]} 38. Bxf4 {[%clk 1:30:30]} exf4 {[%clk 1:30:30]} 39. Qh4
{[%clk 1:30:30]} hxg6 {[%clk 1:30:30]} 40. Rxg6 {[%clk 1:30:30]} Kg8 {[%clk
1:30:30]} 41. Qxh5 {[%clk 1:30:30]} Nb3 {[%clk 1:30:30]} 42. Rd1 {[%clk 1:30:30]}
Qa4 {[%clk 1:30:30]} 43. Ng2 {[%clk 1:30:30]} f3 {[%clk 1:30:30]} 44. Qxf3 {[%clk
1:30:30]} Nd4 {[%clk 1:30:30]} 45. Qg4 {[%clk 1:30:30]} Nc6 {[%clk 1:30:30]} 46.
Nf4 {[%clk 1:30:30]} Ne5 {[%clk 1:30:30]} 47. Qh5 {[%clk 1:30:30]} Re7 {[%clk
1:30:30]} 48. Be2 {[%clk 1:30:30]} Qxa3 {[%clk 1:30:30]} 49. Rdg1 {[%clk
1:30:30]} Nxg6 {[%clk 1:30:30]} 50. fxg6 {[%clk 1:30:30]} Qa2 {[%clk 1:30:30]}
51. Nd5 {[%clk 1:30:30]} 1-0

[Event "65+ World Senior Team Championship"]
[Site "chess24.com"]
[Date "2017.04.25"]
[Round "2"]
[White "Quinn, John M"]
[Black "Giffard, Nicolas"]
[Result "0-1"]
[Board "3"]
[WhiteElo "2176"]
[WhiteCountry "ENG"]
[WhiteFideId "405043"]
[WhiteEloChange "-8"]
[BlackElo "2257"]
[BlackTitle "IM"]
[BlackCountry "FRA"]
[BlackFideId "600571"]
[BlackEloChange "8"]

1. d4 {[%clk 1:30:58]} Nf6 {[%clk 1:30:45]} 2. c4 {[%clk 1:31:23]} e6 {[%clk
1:30:56]} 3. Nc3 {[%clk 1:31:48]} Bb4 {[%clk 1:30:56]} 4. Qc2 {[%clk 1:32:12]} d6
{[%clk 1:30:46]} 5. Nf3 {[%clk 1:25:21]} c5 {[%clk 1:29:58]} 6. dxc5 {[%clk
1:25:05]} dxc5 {[%clk 1:30:01]} 7. a3 {[%clk 1:11:53]} Bxc3+ {[%clk 1:25:56]} 8.
Qxc3 {[%clk 1:12:18]} O-O {[%clk 1:23:55]} 9. Bg5 {[%clk 1:07:10]} Nc6 {[%clk
1:12:12]} 10. e3 {[%clk 0:55:57]} Qe7 {[%clk 1:03:25]} 11. Bd3 {[%clk 0:37:14]}
e5 {[%clk 0:58:27]} 12. Nd2 {[%clk 0:32:10]} h6 {[%clk 0:54:06]} 13. Bxf6 {[%clk
0:28:26]} Qxf6 {[%clk 0:53:33]} 14. f3 {[%clk 0:23:41]} Qg5 {[%clk 0:46:23]} 15.
O-O-O {[%clk 0:18:02]} f5 {[%clk 0:46:04]} 16. Bc2 {[%clk 0:17:23]} Qxg2 {[%clk
0:31:22]} 17. Rdg1 {[%clk 0:13:44]} Qh3 {[%clk 0:31:23]} 18. Rg6 {[%clk 0:13:20]}
Rf6 {[%clk 0:22:40]} 19. Rg3 {[%clk 0:12:05]} Qh4 {[%clk 0:22:38]} 20. Rhg1
{[%clk 0:12:07]} Rf7 {[%clk 0:23:02]} 21. Rg6 {[%clk 0:05:55]} Bd7 {[%clk
0:16:43]} 22. Qd3 {[%clk 0:04:10]} Qe7 {[%clk 0:13:26]} 23. Rxh6 {[%clk 0:03:58]}
Be6 {[%clk 0:12:44]} 24. Qf1 {[%clk 0:04:06]} Rf6 {[%clk 0:12:56]} 25. Rh5 {[%clk
0:02:48]} Rd8 {[%clk 0:12:20]} 26. Qh3 {[%clk 0:02:50]} Kf8 {[%clk 0:11:43]} 27.
Rh8+ {[%clk 0:03:11]} Bg8 {[%clk 0:12:05]} 28. Bxf5 {[%clk 0:03:07]} Qf7 {[%clk
0:08:31]} 29. Be4 {[%clk 0:01:22]} Ne7 {[%clk 0:08:56]} 30. Rh5 {[%clk 0:01:24]}
b5 {[%clk 0:08:40]} 31. Rxe5 {[%clk 0:01:34]} bxc4 {[%clk 0:09:02]} 32. Nb1
{[%clk 0:01:16]} Rd3 {[%clk 0:05:58]} 33. Rxc5 {[%clk 0:01:15]} Rxe3 {[%clk
0:06:15]} 34. Qg3 {[%clk 0:01:17]} Rb6 {[%clk 0:04:10]} 35. Nc3 {[%clk 0:01:13]}
Qf6 {[%clk 0:04:04]} 36. Qe5 {[%clk 0:01:01]} Qh6 {[%clk 0:04:22]} 37. Kc2 {[%clk
0:01:08]} Rd3 {[%clk 0:03:44]} 38. Bxd3 {[%clk 0:00:46]} cxd3+ {[%clk 0:04:06]}
39. Kxd3 {[%clk 0:01:05]} Rxb2 {[%clk 0:04:22]} 40. Ne4 {[%clk 0:31:06]} Qa6+
{[%clk 0:33:44]} 41. Ke3 {[%clk 0:30:30]} Qe2+ {[%clk 0:31:03]} 42. Kd4 {[%clk
0:29:08]} Rd2+ {[%clk 0:28:46]} 43. Kc3 {[%clk 0:21:31]} Rd3+ {[%clk 0:28:35]}
44. Kb4 {[%clk 0:21:55]} Rb3+ {[%clk 0:28:57]} 0-1

[Event "65+ World Senior Team Championship"]
[Site "chess24.com"]
[Date "2017.04.25"]
[Round "2"]
[White "Letzelter, Jean-Claude"]
[Black "Ashby, Anthony C"]
[Result "1/2-1/2"]
[Board "4"]
[WhiteElo "2134"]
[WhiteTitle "FM"]
[WhiteCountry "FRA"]
[WhiteFideId "600652"]
[WhiteEloChange "-2"]
[BlackElo "2080"]
[BlackTitle "CM"]
[BlackCountry "ENG"]
[BlackFideId "405302"]
[BlackEloChange "2"]

1. b4 {[%clk 1:30:59]} e5 {[%clk 1:30:10]} 2. Bb2 {[%clk 1:31:25]} d6 {[%clk
1:29:44]} 3. e3 {[%clk 1:31:13]} Nf6 {[%clk 1:29:03]} 4. c4 {[%clk 1:30:11]} g6
{[%clk 1:28:43]} 5. Nc3 {[%clk 1:28:37]} Bg7 {[%clk 1:28:55]} 6. Be2 {[%clk
1:28:02]} O-O {[%clk 1:28:55]} 7. d3 {[%clk 1:22:57]} c6 {[%clk 1:14:34]} 8. Nf3
{[%clk 1:18:54]} Re8 {[%clk 1:13:30]} 9. O-O {[%clk 1:15:52]} Nbd7 {[%clk
1:11:45]} 10. Qc2 {[%clk 1:12:59]} Nf8 {[%clk 1:09:59]} 11. Rfd1 {[%clk 1:07:36]}
h6 {[%clk 1:07:08]} 12. Ne4 {[%clk 1:02:58]} d5 {[%clk 0:53:34]} 13. Nxf6+ {[%clk
0:58:50]} Bxf6 {[%clk 0:53:57]} 14. d4 {[%clk 0:58:05]} e4 {[%clk 0:49:34]} 15.
Nd2 {[%clk 0:55:07]} Be7 {[%clk 0:45:41]} 16. Qc3 {[%clk 0:49:23]} Bd6 {[%clk
0:43:45]} 17. b5 {[%clk 0:42:03]} Be6 {[%clk 0:40:11]} 18. a4 {[%clk 0:37:23]}
Rc8 {[%clk 0:40:18]} 19. c5 {[%clk 0:36:50]} Bb8 {[%clk 0:40:27]} 20. bxc6 {[%clk
0:37:06]} bxc6 {[%clk 0:40:30]} 21. Ba6 {[%clk 0:37:02]} Qc7 {[%clk 0:31:36]} 22.
g3 {[%clk 0:37:29]} Bg4 {[%clk 0:31:05]} 23. Rdb1 {[%clk 0:37:20]} Rcd8 {[%clk
0:30:35]} 24. Ba3 {[%clk 0:37:33]} Qd7 {[%clk 0:30:45]} 25. Rb7 {[%clk 0:35:29]}
Qf5 {[%clk 0:29:33]} 26. Rab1 {[%clk 0:31:07]} Nh7 {[%clk 0:28:33]} 27. Qc2
{[%clk 0:26:32]} Ng5 {[%clk 0:26:10]} 28. Bf1 {[%clk 0:21:07]} Bh3 {[%clk
0:23:45]} 29. Qd1 {[%clk 0:12:52]} h5 {[%clk 0:22:39]} 30. R1b2 {[%clk 0:10:58]}
h4 {[%clk 0:19:58]} 31. Qb1 {[%clk 0:09:04]} Bxf1 {[%clk 0:19:42]} 32. Qxf1
{[%clk 0:06:13]} Kg7 {[%clk 0:18:16]} 33. Qg2 {[%clk 0:02:38]} hxg3 {[%clk
0:16:45]} 34. fxg3 {[%clk 0:02:18]} Nh3+ {[%clk 0:07:47]} 35. Kh1 {[%clk
0:02:45]} Nf2+ {[%clk 0:07:00]} 36. Kg1 {[%clk 0:03:14]} Nh3+ {[%clk 0:07:00]}
37. Kh1 {[%clk 0:03:14]} Nf2+ {[%clk 0:07:00]} 1/2-1/2

[Event "65+ World Senior Team Championship"]
[Site "chess24.com"]
[Date "2017.04.25"]
[Round "2"]
[White "Dickhoff, Ronald"]
[Black "Just, Joachim"]
[Result "1/2-1/2"]
[Board "1"]
[WhiteElo "2100"]
[WhiteCountry "NED"]
[WhiteFideId "1006142"]
[WhiteEloChange "-4"]
[BlackElo "1940"]
[BlackCountry "GER"]
[BlackFideId "4648102"]
[BlackEloChange "4"]

1. d4 {[%clk 1:30:53]} d5 {[%clk 1:31:07]} 2. c4 {[%clk 1:31:07]} c6 {[%clk
1:31:25]} 3. Nf3 {[%clk 1:31:22]} Nf6 {[%clk 1:31:38]} 4. e3 {[%clk 1:31:31]} g6
{[%clk 1:31:44]} 5. Nc3 {[%clk 1:31:31]} Bg7 {[%clk 1:31:52]} 6. Bd3 {[%clk
1:31:27]} Bg4 {[%clk 1:31:53]} 7. h3 {[%clk 1:31:32]} Bxf3 {[%clk 1:32:11]} 8.
Qxf3 {[%clk 1:31:55]} e6 {[%clk 1:32:33]} 9. O-O {[%clk 1:31:53]} O-O {[%clk
1:32:32]} 10. Rd1 {[%clk 1:27:58]} Qe7 {[%clk 1:32:31]} 11. a3 {[%clk 1:18:02]}
Nbd7 {[%clk 1:30:22]} 12. cxd5 {[%clk 1:15:12]} exd5 {[%clk 1:29:57]} 13. b4
{[%clk 1:10:18]} b5 {[%clk 1:25:49]} 14. Bd2 {[%clk 1:01:03]} Nb6 {[%clk
1:23:34]} 15. a4 {[%clk 0:56:27]} a6 {[%clk 1:23:07]} 16. a5 {[%clk 0:55:06]} Nc4
{[%clk 1:22:41]} 17. Rab1 {[%clk 0:53:43]} Ne8 {[%clk 1:22:41]} 18. Ra1 {[%clk
0:53:43]} 1/2-1/2

[Event "65+ World Senior Team Championship"]
[Site "chess24.com"]
[Date "2017.04.25"]
[Round "2"]
[White "Hollstein, Joachim"]
[Black "Van Caspel, Ruud"]
[Result "1/2-1/2"]
[Board "2"]
[WhiteElo "2082"]
[WhiteCountry "GER"]
[WhiteFideId "24601217"]
[WhiteEloChange "1"]
[BlackElo "2101"]
[BlackCountry "NED"]
[BlackFideId "1018809"]
[BlackEloChange "-1"]

1. d4 {[%clk 1:30:51]} d6 {[%clk 1:30:26]} 2. Nf3 {[%clk 1:30:26]} Bg4 {[%clk
1:30:23]} 3. e4 {[%clk 1:29:35]} Nf6 {[%clk 1:30:03]} 4. Nc3 {[%clk 1:29:37]} e6
{[%clk 1:28:33]} 5. h3 {[%clk 1:26:17]} Bh5 {[%clk 1:27:30]} 6. Bd3 {[%clk
1:24:56]} c6 {[%clk 1:22:04]} 7. Bd2 {[%clk 1:17:08]} Be7 {[%clk 1:19:16]} 8. g4
{[%clk 1:14:44]} Bg6 {[%clk 1:19:38]} 9. Qe2 {[%clk 1:14:41]} O-O {[%clk
1:16:16]} 10. h4 {[%clk 1:13:08]} d5 {[%clk 1:12:24]} 1/2-1/2

[Event "65+ World Senior Team Championship"]
[Site "chess24.com"]
[Date "2017.04.25"]
[Round "2"]
[White "Lindner, Jan-Joost"]
[Black "Baumbach, Friedrich, Dr."]
[Result "1-0"]
[Board "3"]
[WhiteElo "2106"]
[WhiteCountry "NED"]
[WhiteFideId "1006215"]
[WhiteEloChange "13"]
[BlackElo "2196"]
[BlackTitle "FM"]
[BlackCountry "GER"]
[BlackFideId "4611721"]
[BlackEloChange "-13"]

1. f4 {[%clk 1:30:57]} d5 {[%clk 1:30:30]} 2. Nf3 {[%clk 1:30:57]} Nf6 {[%clk
1:29:12]} 3. e3 {[%clk 1:31:47]} Bf5 {[%clk 1:29:12]} 4. d3 {[%clk 1:31:47]} e6
{[%clk 1:29:54]} 5. Be2 {[%clk 1:31:47]} h6 {[%clk 1:29:54]} 6. O-O {[%clk
1:31:47]} Bd6 {[%clk 1:29:54]} 7. b3 {[%clk 1:31:47]} Nbd7 {[%clk 1:29:54]} 8.
Bb2 {[%clk 1:31:47]} c6 {[%clk 1:29:54]} 9. Ne5 {[%clk 1:31:47]} O-O {[%clk
1:29:54]} 10. Qe1 {[%clk 1:22:27]} Ne8 {[%clk 1:29:54]} 11. Bf3 {[%clk 1:22:27]}
f6 {[%clk 1:29:54]} 12. Nxd7 {[%clk 1:22:27]} Qxd7 {[%clk 1:29:54]} 13. Nd2
{[%clk 1:22:27]} Bh7 {[%clk 1:04:52]} 14. Bg4 {[%clk 1:22:27]} Nc7 {[%clk
1:04:52]} 15. e4 {[%clk 1:22:27]} Rae8 {[%clk 1:04:52]} 16. e5 {[%clk 1:22:27]}
fxe5 {[%clk 1:04:52]} 17. Bxe5 {[%clk 1:22:27]} Bxe5 {[%clk 1:04:52]} 18. Qxe5
{[%clk 1:22:27]} Bf5 {[%clk 1:04:52]} 19. Bf3 {[%clk 1:07:22]} Nb5 {[%clk
0:49:33]} 20. a4 {[%clk 1:06:04]} Nd6 {[%clk 0:48:02]} 21. Rae1 {[%clk 1:06:26]}
Nf7 {[%clk 0:47:07]} 22. Qd4 {[%clk 1:06:24]} b6 {[%clk 0:46:38]} 23. Bh5 {[%clk
1:06:15]} g6 {[%clk 0:37:19]} 24. Bd1 {[%clk 1:06:23]} c5 {[%clk 0:35:25]} 25.
Qa1 {[%clk 1:02:17]} h5 {[%clk 0:34:33]} 26. Nf3 {[%clk 1:00:02]} c4 {[%clk
0:33:44]} 27. Qd4 {[%clk 0:58:48]} cxb3 {[%clk 0:33:48]} 28. cxb3 {[%clk
0:59:12]} Qc7 {[%clk 0:32:06]} 29. Nh4 {[%clk 0:54:35]} Qc5 {[%clk 0:28:53]} 30.
Nxf5 {[%clk 0:54:40]} exf5 {[%clk 0:29:08]} 31. Qxc5 {[%clk 0:55:03]} bxc5 {[%clk
0:29:34]} 32. Bf3 {[%clk 0:55:18]} d4 {[%clk 0:27:25]} 33. Kf2 {[%clk 0:52:57]}
Rb8 {[%clk 0:21:50]} 34. Bd5 {[%clk 0:53:03]} Rfd8 {[%clk 0:22:00]} 35. Bc4
{[%clk 0:52:49]} Kf8 {[%clk 0:22:05]} 36. Re6 {[%clk 0:52:00]} Rb6 {[%clk
0:21:27]} 37. Rfe1 {[%clk 0:51:51]} Rxe6 {[%clk 0:09:50]} 38. Rxe6 {[%clk
0:52:15]} Rd6 {[%clk 0:10:01]} 39. Re2 {[%clk 0:51:59]} a5 {[%clk 0:05:43]} 40.
Kg3 {[%clk 7:01:06]} Rd7 {[%clk 0:33:20]} 41. Kh4 {[%clk 1:18:41]} Kg7 {[%clk
0:19:47]} 42. Re6 {[%clk 1:17:31]} Nd6 {[%clk 0:18:41]} 43. Re5 {[%clk 1:14:00]}
Nxc4 {[%clk 0:13:09]} 44. bxc4 {[%clk 1:14:24]} Rb7 {[%clk 0:13:28]} 45. Rxc5
{[%clk 1:14:32]} Rb3 {[%clk 0:13:43]} 46. Kg5 {[%clk 1:14:02]} Rxd3 {[%clk
0:14:04]} 47. Rxa5 {[%clk 1:13:51]} Rd2 {[%clk 0:14:05]} 48. Ra7+ {[%clk
1:13:35]} Kf8 {[%clk 0:14:23]} 49. g3 {[%clk 1:12:16]} Rxh2 {[%clk 0:14:28]} 50.
Rd7 {[%clk 1:11:57]} Rg2 {[%clk 0:13:31]} 51. Kxg6 {[%clk 1:12:05]} Rxg3+ {[%clk
0:12:07]} 52. Kxh5 {[%clk 1:12:09]} Ra3 {[%clk 0:09:38]} 53. Rxd4 {[%clk
1:12:21]} Rxa4 {[%clk 0:08:53]} 54. Kg6 {[%clk 1:12:37]} Ra6+ {[%clk 0:08:12]}
55. Kxf5 {[%clk 1:12:57]} Rc6 {[%clk 0:08:22]} 56. Ke5 {[%clk 1:12:53]} Ke7
{[%clk 0:08:39]} 57. Re4 {[%clk 1:11:23]} Rc7 {[%clk 0:08:09]} 58. f5 {[%clk
1:11:15]} Kf7 {[%clk 0:08:17]} 59. Kd6 {[%clk 1:10:53]} Ra7 {[%clk 0:08:38]} 60.
c5 {[%clk 1:10:48]} Kf6 {[%clk 0:08:57]} 61. c6 {[%clk 1:10:53]} Ra1 {[%clk
0:09:14]} 62. c7 {[%clk 1:10:54]} Rc1 {[%clk 0:09:20]} 63. Re8 {[%clk 1:10:11]}
Rd1+ {[%clk 0:09:34]} 64. Kc6 {[%clk 1:10:34]} Rc1+ {[%clk 0:09:34]} 65. Kb6
{[%clk 1:10:34]} Rb1+ {[%clk 0:09:47]} 66. Ka5 {[%clk 1:10:58]} Ra1+ {[%clk
0:09:47]} 67. Kb4 {[%clk 1:10:58]} 1-0